000 01051nam a2200229Ia 4500
001 L240-46583
003 IT-CnALBA
008 170116s9999||||xx |||||||||||||| ||und||
040 _aIT-CnALBA
_cIT-CnALBA
041 _aITALIANO
100 _aPERICO GIACOMO, SJ.
245 2 _aA QUATTRO ANNI DALLA ENCICLICA "HUMANAE VITAE". DA AGGIORNAMENTI SOCIALI NN. 9-10 1972.
250 _a1a ed.
260 _aMILANO
_bSTUDI SOCIALI CENTRO
_c1972 [1° Ed.:1972 - Ed.Ling.Originale: 1972]
300 _a20 p.
500 _aPATERNITÀ E MATERNITÀ RESPONSABILI. VALORE DELL'ATTO CONIUGALE. SCELTA NON PROCREATIVA. MALE MINORE, EQUIVOCI. CONTRACCETTIVI. INDICAZIONI PASTORALI.
501 _aSocietà San Paolo EM - Piazza San Paolo, 14 - 12051 ALBA (CN) (non commercial uses only) ® Copyright 2017
520 _aPATERNITÀ E MATERNITÀ RESPONSABILI. VALORE DELL'ATTO CONIUGALE. SCELTA NON PROCREATIVA. MALE MINORE, EQUIVOCI. CONTRACCETTIVI. INDICAZIONI PASTORALI.
650 _aTEOLOGIA SPIRITUALE CRISTIANA
942 _cBK
957 _71
999 _a52844
_bNO
_g Copie: 1
_c305522
_d305522